000 00836nam a2200193 i 4500
001 124825
003 ES-MaACL
005 20230906192514.0
007 t|
008 070420s1927 sp ||||1| spa d
110 2 _aComisión Asesora Nacional Patronal y Obrera (España)
_93007
245 1 0 _aLabor del pleno (21-24 de marzo de 1927)
_b: resumen de las sesiones celebradas, acuerdos, documentación anexacelebradas, acuerdos, documentación anexa /
_cComision Asesora Nacional Patronal y Obrera V.
260 _aMadrid :
_b[s.n.],
_c1927 (
_fSobrinos Sucesores de Minuesa de los Ríos)
300 _a248 p. ;
_c21 cm.
490 1 _aPublicaciones del Instituto Nacional de Previsión ;
_v169
830 0 _aPublicaciones del Instituto Nacional de Previsión ;
_v169
_9181151
852 _aES-MaACL
_jC-12632(4)
999 _c124825
_d124825